| 000 | 00979nam a2200229Ia 4500 | ||
|---|---|---|---|
| 003 | IN-BaIIA | ||
| 008 | 211028s9999 xx 000 0 eng d | ||
| 020 | _a978-0-521-89784-6 | ||
| 040 | _cIIA Library | ||
| 080 |
_a523.4(082.1) _bDEC |
||
| 111 |
_aSpace Telescope Science Institute Symposium _cMaryland _d2008 May 2- 5 _931987 |
||
| 245 | 2 |
_aA decade of extrasolar planets around normal stars _bproceedings of the space telescope science institute symposium, held in Baltimore, Maryland, May 2- 5 , 2008 _cedited by Mario Livio, Kailash Sahu and Jeff Valenti |
|
| 260 |
_aCambridge _bCambridge University Press _c2008 |
||
| 300 | _axi, 183p. | ||
| 490 | _aSpace telescope science institute symposium series; 19 | ||
| 650 |
_aExtrasolar planets _93586 |
||
| 650 |
_aPlanetory migration _931988 |
||
| 700 |
_aLivio, Mario, ed. _913149 |
||
| 700 |
_aSahu, Kailash, ed. _925020 |
||
| 700 |
_aValenti, Jeff, ed. _931989 |
||
| 942 | _cBK | ||
| 999 |
_c17023 _d17023 |
||